Frequências - Statistics

Estatísticas Gerais
  • Esse quiz foi jogado 521 vezes
  • A pontuação média é 15 de 18
Estatísticas das Respostas
Hint Resposta % Correto
Vésper 121,7
98%
Solar 126,3
98%
Argos 134,6
98%
Fênix 133,0
97%
Tático Tráfego 130,0
92%
Tático Sagitário 128,0
91%
Tático Libra 129,0
91%
Tático Virgem 131,0
91%
Tático Gêmeos 132,0
91%
VOR(PIR) 115,8
88%
Canópus 121,9
86%
ILS(IYS) 109,3
81%
Capela 118,3
81%
Polaris 123,6
75%
Tucano 124,3
67%
Flecha 120,1
66%
Coringa 122,3
59%
Trunfos 136,15
56%
Nenhum quiz correspondente encontrado
Distribuição das Pontuações
Porcentagem de Pessoas com Cada Pontuação
Percentil de Números Respondidos
Sua Pontuação Histórica
Você não jogou esse quiz